000 00689nam a2200253Ia 4500
003 OSt
005 20220918230945.0
006 a|||||r|||| 00| 0
007 ta
008 220917b |||||||| |||| 00| 0 eng d
024 _a261,786
037 _cTextual
040 _aARTS
_cARTS
_beng
041 _2eng
_aeng
082 _aY17v1:N5, K81
100 _aHarris Marvin
_9131441
245 0 _aRise of anthropological theory
260 _aNew York
_bThomas Y Crowell Company
_c1968
300 _a806p.
_ccm.
490 _aA history of theories of culture
650 _aSOCIOLOGY
942 _hY17v1:N5, K81
_cTEXL
_2CC
999 _c289391
_d289391